Landmarks by Picture #2 - Statistics

General Stats
  • This quiz has been taken 126 times
    123 since last reset
  • The average score is 8 of 12
Answer Stats
Picture Answer % Correct
Mount Rushmore
91%
Empire State Building
78%
Machu Picchu
78%
Uluru
71%
Christ the Redeemer
70%
Louvre Gallery
67%
Tower Bridge
67%
Arc de Triomphe
62%
Buckingham Palace
57%
Washington Monument
53%
St Louis Arch
32%
Sydney Harbour Bridge
28%
No matching quizzes found
Score Distribution
Percent of People with Each Score
Percentile by Number Answered
Your Score History
You have not taken this quiz since the last reset